| 000 | 00544nam a22001937a 4500 | ||
|---|---|---|---|
| 005 | 20220727152537.0 | ||
| 008 | 220727b ||||| |||| 00| 0 eng d | ||
| 040 | _cAL | ||
| 041 | _aEnglish | ||
| 082 |
_223 _a150 _bKOHM |
||
| 100 |
_aKhushwant S Kohli _953603 |
||
| 245 | _aModern Practical Psychology | ||
| 260 |
_aAmritsar _bKhushwant S Kohil _c1997 |
||
| 300 |
_a178 p. _bHB _c22x14 cm. |
||
| 440 |
_aXIV NO 1 January 1997 _953604 |
||
| 650 |
_aPractical Psychology _953605 |
||
| 700 |
_aKOHLI (Khushwant S) Ed _953606 |
||
| 942 |
_2ddc _cGF |
||
| 999 |
_c224233 _d224233 |
||